000 00564nam a2200193Ia 4500
005 20230524140930.0
008 131103s9999 xx 000 0 und d
040 _aLoreto College
041 _aEnglish
082 _aTAG 891.441
_bTAG-LAH
100 _aLahiri, Sibchandra
245 _aManosi pratima
_b Rabindrakabitar pratiman
_cSibchandra Lahiri
260 _aCalcutta
_bGranthaniloy
_c1981
300 _a268p
650 _aTagore, Rabindranath, 1861-1941 - Criticism and Interpretation
651 _aBengali Literature
850 _aLCLIB
942 _cBK
999 _c17060
_d67539